Statistics for Poland World Cup 2022 Squad

Click here to take the quiz!

General Stats

  • This quiz has been taken 11 times
  • The average score is 18 of 26

Answer Stats

PositionClubPlayer% Correct
DFAston VillaMatty Cash
100%
MFNapoliPiotr Zielinski
100%
FWFC BarcelonaRobert Lewandowski
100%
GKJuventusWojciech Szczesny
100%
FWJuventusArkadiusz Milik
90%
MFAl-ShababGrzegorz Krychowiak
90%
DFAston VillaJan Bednarek
90%
FWSalernitanaKrzysztof Piatek
90%
DFBeneventoKamil Glik
80%
MFVFL WolfsburgJakub Kaminski
70%
GKBolognaLukasz Skorupski
70%
DFSampdoriaBartosz Bereszynski
60%
MFAEK AthensDamian Szymanski
60%
DFSpeziaJakub Kiwior
60%
GKFC CopenhagenKamil Grabara
60%
MFAS RomaNicola Zalewski
60%
MFRC LensPrzemyslaw Frankowski
60%
DFFC AugsburgRobert Gumny
60%
MFFeyenoordSebastian Szymanski
60%
DFLegia WarsawArtur Jedrzejczyk
50%
MFPogon SzczecinKamil Grosicki
50%
FWCharlotte FCKarol Swiderski
50%
MFBirmingham CityKrystian Bielik
40%
DFClermont FootMateusz Wieteska
40%
MFLech PoznanMichal Skoras
40%
MFFiorentinaSzymon Zurkowski
40%

Score Distribution

Percentile by Number Answered

Percent of People with Each Score

Your Score History

You have not taken this quiz